| 000 | 00916nam a22003017a 4500 | ||
|---|---|---|---|
| 001 | BR0901850 | ||
| 003 | BR-BrBNA | ||
| 005 | 20230928102901.0 | ||
| 007 | ta | ||
| 008 | 230509b bl.||||| |||| 00| 0 por d | ||
| 040 |
_aBR-BrBNA _bpor _cBiblioteca Nacional de Agricultura |
||
| 041 | _a(Por) | ||
| 072 | _aE71 | ||
| 090 | _ E71 BR0901850 | ||
| 100 | 1 | _aNascimento, S. da S. | |
| 110 | 1 | _aBanco do Nordeste do Brasil S.A., Fortaleza, CE (Brasil) | |
| 245 | 1 |
_aAs relações geopolíticas da agricultura brasileira no contexto mundial _bSérie BNB teses e dissertações nº 9 |
|
| 260 | 3 |
_aFortaleza, CE (Brasil): _c2007. |
|
| 300 | _a375 p. | ||
| 500 | _aBibliography p. 350-366; 75 tables; 17 illus. | ||
| 650 | _aAGRICULTURA | ||
| 650 | _aPOLÍTICA AGRÍCOLA | ||
| 650 | _aMERCADO INTERNACIONAL | ||
| 650 | _aMERCOSUL | ||
| 650 | _aTAXA | ||
| 909 |
_a202309 _bLucia _c55 _dLucia Elande |
||
| 942 | _cBK | ||
| 999 |
_c72837 _d72837 |
||